000 00455nam a22001577a 4500
999 _c17554
_d17554
003 OSt
005 20221109152022.0
008 221107b ||||| |||| 00| 0 eng d
040 _c0
100 _aMercurio, Richmond.
_946664
245 _aFormer ABS-CBN exec to head Udennna media, entertainment business /
260 _aPhilippines ;
_cJanuary 17, 2020.
_bThe Philippine Star,
300 _apage B7.
650 _aBusiness.
_946665
942 _2ddc
_cPER